| 000 | 00768 a2200193 4500 | ||
|---|---|---|---|
| 999 |
_c8227 _d8227 |
||
| 020 | _a0070375755 | ||
| 050 | 0 | 0 | _aRA776 LEV 1992 |
| 100 | 1 |
_aLevy, Marvin R. _eauthor |
|
| 245 | 1 | 0 |
_aTargeting wellness : _bthe core / _cMarvin R. Levy, Mark Dignan, Janet H. Shirreffs. |
| 264 |
_aNew York : _bMcGraw Hill, _c1992. |
||
| 300 |
_axiv, 369 p. : _bill. ; |
||
| 500 | _aIncludes bibliographical references (p. 333-345) and index. | ||
| 504 | _aIncludes bibliographical references (p. 333-345) and index. | ||
| 650 | 0 | _aHealth. | |
| 700 | 1 |
_aDignan, Mark B. _qauthor |
|
| 700 | 1 |
_aShirreffs, Janet H. _eauthor |
|
| 942 |
_2lcc _cBK _h776 _iLEV _kRA |
||